00379pab a2200145 454500008004000000100002600040245005500066260000900121300001400130362000800144650001000152650001300162700002300175773003500198180718b2008 xxu||||| |||| 00| 0 eng d aFoote, Christopher L. aThe impact of legalized abortion on crime: comment c2008 ap.407-23. aFeb aCrime aAbortion aGoetz, Christopher aQuarterly Journal of Economics